000
00274nam a2200109Ia 4500
008
220204s9999 xx 000 0 und d
082
_a
005
_b
GUI
245
0
_a
Guide to world science
260
_a
British Isles
_b
Francis Hodgson
_c
1974
650
_a
World science
942
_c
BK
999
_c
23385
_d
23385